| 000 | 00894nam a2200253 i 4500 | ||
|---|---|---|---|
| 001 | 175920 | ||
| 003 | ES-MaACL | ||
| 005 | 20250807215253.0 | ||
| 007 | t| | ||
| 008 | 101201s2010 sp a ||||1| spa d | ||
| 080 | _a929 Campoamor, Clara | ||
| 080 | _a342.821-055.2(460)"1931/1939" | ||
| 100 | 1 |
_aCampoamor, Clara, _d1888-1972 _934230 |
|
| 245 | 1 | 3 |
_aEl voto femenino y yo : _bmi pecado mortal / _cClara Campoamor ; [prólogo, Blanca Estrella Ruiz Ungo]. |
| 260 |
_a[Madrid] : _bDiario Público, _c[2010] |
||
| 300 |
_a269 p. : _b1 retr. autora ; _c18 cm. |
||
| 490 | 1 | _aBiblioteca pensamiento crítico | |
| 600 | 1 | 4 |
_aCampoamor, Clara, _d1888-1972 _934230 |
| 650 | 7 |
_aMujeres- _xVoto- _zEspaña _2 _9171401 |
|
| 700 | 1 |
_aRuiz Ungo, Blanca Estrella. _9144132 |
|
| 830 | 1 |
_aBiblioteca pensamiento crítico _9189844 |
|
| 852 | 4 |
_aES-MaACL _jE-13733 |
|
| 999 |
_c175920 _d175920 |
||